00523nam a2200193 a 4500001001300000003000900013005001700022008004100039020000900080082001600089100001400105245008000119260003600199300000900235500003500244505001000279650002600289700001400315nice12345678IN_TiNIC20260116012648.0050524s1979 newa grp 000 0 eng  ac4500a304.66bKHA aKhan, M E aFamily Planning Among Muslims in India; a Study of the Reproductive Behavio aNew Delhi bManohar Pub. c1979 a198p aincludes index and biblioraphy2 aIndex aFamily-Planning Islam1 aKhan, M E